000 01015nam a2200289Ia 4500
003 OSt
005 20221007123333.0
006 a|||||r|||| 00| 0
007 ta
008 221006b |||||||| |||| 00| 0 eng d
020 _a9971511800 (pbk)
_c
_ 6.95
024 _a8683
037 _bN R Book,
_cTextual
040 _aPAPL
_cPAPL
_beng
041 _2eng
_aeng
082 _aC21, N6
100 _aKittel Charles
245 0 _aIntroduction to solid state physics by Charles Kittel
250 _aEd 7
260 _aSingapore
_bJohn Wiley Sons, Inc.
_c1996
300 _axi,673p
_ccm.
500 _aIncludes bibliographical references; Appendix A-J, 631-665p; Index 667-673p; ^n23/CSL/CARPA/2001-2002/360^d2001-10-07^mPurchase; ; 2001-2002/236^b2001-10-23^c058/01^d2001-10-10^eRs.1,254.47^fN R Book Distributors; ; 2002-01-22^bSB^c2002-07-30^dRPS
650 _a Solid state
650 _aPhysics
942 _hC21, N6
_cTEXL
_2CC
999 _c1211716
_d1211716